La influencia de la filosofía política de Hobbes en el mercantilismo (Registro nro. 28387)

Detalles MARC
000 -LEADER
fixed length control field 00418 a2200109 4500
001 - CONTROL NUMBER
control field ART_23116
005 - DATE AND TIME OF LATEST TRANSACTION
control field 20260410161929.0
008 - FIXED-LENGTH DATA ELEMENTS--GENERAL INFORMATION
fixed length control field 260409a
100 1# - MAIN ENTRY--PERSONAL NAME
Personal name Letizia, Francisco
245 10 - TITLE STATEMENT
Title La influencia de la filosofía política de Hobbes en el mercantilismo
773 0# - HOST ITEM ENTRY
Title Revista de la Facultad de Ciencias Económicas de la Universidad de Cuyo
Related parts - Año XXXV, Nº 87 (ene./jun. 1983)
Record control number REV22981

No hay ítems disponibles.